Ethics and education (Record no. 227)

MARC details
000 -LEADER
fixed length control field 00514nam a2200145 a 4500
008 - FIXED-LENGTH DATA ELEMENTS--GENERAL INFORMATION
fixed length control field 121122s1960 ||||||||||||||||| || u
050 ## - LIBRARY OF CONGRESS CALL NUMBER
Classification number LB 880 Pet
100 ## - MAIN ENTRY--PERSONAL NAME
Personal name Peters, R. S
245 10 - TITLE STATEMENT
Title Ethics and education
Statement of responsibility, etc. by R. S. Peters
260 ## - PUBLICATION, DISTRIBUTION, ETC.
Place of publication, distribution, etc. London:
Name of publisher, distributor, etc. George Allen and Unwin Ltd
Date of publication, distribution, etc. 1960
300 ## - PHYSICAL DESCRIPTION
Extent 333p.
650 ## - SUBJECT ADDED ENTRY--TOPICAL TERM
Topical term or geographic name entry element EDUCATION--PHILOSOPHY
650 #0 - SUBJECT ADDED ENTRY--TOPICAL TERM
Topical term or geographic name entry element ETHICS
995 ## -
-- SPECIAL COLLECTIONS
-- 500344
-- CBU-DAG HAMMARSKJOLD INSTITUTE LIBRARY
-- DAG LB 880 Pet
-- 1
-- AVAILABLE
-- Dec 27, 2012
-- 500344
-- DHIPS Book Collection
999 ## -
-- 227
-- 227
Holdings
Withdrawn status Lost status Source of classification or shelving scheme Damaged status Not for loan Permanent Location Current Location Shelving location Date acquired Total Checkouts Full call number Barcode Date last seen Price effective from Koha item type
          CBU-DAG HAMMARSKJOLD INSTITUTE CBU-DAG HAMMARSKJOLD INSTITUTE   11/28/2022   LB 880 Pet 500344 11/28/2022 11/28/2022 MONOGRAPH